01657nam a2200121 4500008004100000100003300041245008500074260000900159300001300168520127600181650002801457773005001485190809b ||||| |||| 00| 0 eng d aSiagian, Erwin Sondang et al aPublic-private partnerships in solid waste management: arrangements in Indonesia c2019 ap.56-62. aThis note addresses experience in Indonesia in the management of solid waste in which some progress has been made in the use of public-private partnerships (PPPs). The amount of waste produced, its collection and transportation to available disposal and treatment sites, and the number, type and quality of such sites raise very significant issues and concerns requiring attention by all levels of government. There are capacity constraints and challenges which need to be responded to as effectively as possible, with PPPs potentially having a positive role to play in meeting legitimate public and private interests. - Reproduced. This note addresses experience in Indonesia in the management of solid waste in which some progress has been made in the use of public-private partnerships (PPPs). The amount of waste produced, its collection and transportation to available disposal and treatment sites, and the number, type and quality of such sites raise very significant issues and concerns requiring attention by all levels of government. There are capacity constraints and challenges which need to be responded to as effectively as possible, with PPPs potentially having a positive role to play in meeting legitimate public and private interests. - Reproduced.  aSolid waste management  aAsia Pacific Journal of Public Administration